| 000 | 00520nam a22001691a 4500 | ||
|---|---|---|---|
| 003 | NEGST | ||
| 005 | 20110718130700.0 | ||
| 008 | 040608s1964 pau 001 0 eng d | ||
| 100 | 1 | _aOden, Thomas C. | |
| 245 | 1 | 0 |
_aRadical obedience : _bthe ethics of Rudolf Bultmann / _cThomas C. Oden _h[Text] |
| 260 |
_aPhiladelphia _bWestminster Press _c1964 |
||
| 300 | _a176 p. | ||
| 500 | _aIncludes bibliographical references and index. | ||
| 590 | _aAccession number: 31167 | ||
| 650 | 0 | _aChristian ethics. | |
| 999 |
_c30336 _d30336 |
||